[Event "UKR-ch sf U18"]
[Site "Kharkov"]
[Date "2008.10.07"]
[Round "6"]
[White "Nazarenko, Sergei"]
[Black "Nazarenko, Pavel"]
[Result "1/2-1/2"]
[WhiteElo "2238"]
[BlackElo "2084"]
[PlyCount "78"]
[EventDate "2008.10.02"]
[EventType "swiss"]
[EventRounds "9"]
[EventCountry "UKR"]
[SourceTitle "CBM 126 Extra"]
[Source "ChessBase"]
[SourceDate "2008.11.05"]
[SourceVersion "1"]
[SourceVersionDate "2008.11.05"]
[SourceQuality "1"]

1. e4 d5 2. Nc3 d4 3. Nce2 c5 4. d3 Nc6 5. g3 e5 6. Bg2 Nf6 7. f4 Bd6 8. Nf3 Bd7 9. 0-0 Qc7 10. Kh1 0-0-0 11. c3 dxc3 12. bxc3 Bg4 13. Qc2 Nd7 14. Be3 h5 15. d4 cxd4 16. cxd4 exd4 17. Nexd4 Nxd4 18. Qxc7+ Bxc7 19. Bxd4 Nf6 20. Be5 Bxf3 21. Rxf3 Kb8 22. Rc1 Ne8 23. Bh3 f6 24. Bxc7+ Nxc7 25. Rfc3 Nb5 26. Rc5 a6 27. e5 fxe5 28. fxe5 h4 29. gxh4 Rxh4 30. Bg2 Re8 31. Kg1 Ka7 32. Rd5 Re7 33. Rc8 Rh5 34. a4 Nc7 35. Rc5 Ne6 36. Ra5 Nf4 37. Bf3 Rg5+ 38. Kf1 Kb6 39. Rac5 Ne6 1/2-1/2

[Event "UKR-ch sf U18"]
[Site "Kharkov"]
[Date "2008.10.04"]
[Round "3"]
[White "Manilyk, Andrei"]
[Black "Nazarenko, Sergei"]
[Result "1-0"]
[WhiteElo "2139"]
[BlackElo "2238"]
[PlyCount "91"]
[EventDate "2008.10.02"]
[EventType "swiss"]
[EventRounds "9"]
[EventCountry "UKR"]
[SourceTitle "CBM 126 Extra"]
[Source "ChessBase"]
[SourceDate "2008.11.05"]
[SourceVersion "1"]
[SourceVersionDate "2008.11.05"]
[SourceQuality "1"]

1. e4 d5 2. Nc3 e6 3. Nf3 Nf6 4. e5 Nfd7 5. d3 c5 6. Bf4 Nc6 7. g3 Qc7 8. Bg2 d4 9. Ne4 Be7 10. 0-0 0-0 11. Re1 Ndxe5 12. Nxe5 Nxe5 13. Qh5 f6 14. Bxe5 Qxe5 15. Qxe5 fxe5 16. Nd2 Bf6 17. Nc4 Rb8 18. a4 Bd7 19. a5 Bc6 20. Nxe5 Bxe5 21. Rxe5 Bxg2 22. Kxg2 Kf7 23. Rae1 Rfe8 24. Rxc5 Rbc8 25. Ree5 b6 26. axb6 axb6 27. Rc4 Rxc4 28. dxc4 Rc8 29. b3 Ra8 30. Re2 Kf6 31. Kf3 g5 32. Ke4 Rd8 33. f4 gxf4 34. gxf4 Rg8 35. Rd2 Rg1 36. Kxd4 Kf5 37. Rf2 Re1 38. b4 Re4+ 39. Kd3 Rxf4 40. Rxf4+ Kxf4 41. c5 bxc5 42. bxc5 Ke5 43. Kc4 Kf6 44. c6 Ke7 45. Kc5 e5 46. Kb6 1-0

[Event "Ilichevsk Sunny Pawn op"]
[Site "Ilichevsk"]
[Date "2008.07.24"]
[Round "5"]
[White "Nazarenko, Sergei"]
[Black "Ivanenko, Olga I"]
[Result "1-0"]
[WhiteElo "2238"]
[BlackElo "2026"]
[PlyCount "125"]
[EventDate "2008.07.20"]
[EventType "swiss"]
[EventRounds "10"]
[EventCountry "UKR"]
[SourceTitle "CBM 125 Extra"]
[Source "ChessBase"]
[SourceDate "2008.09.01"]
[SourceVersion "1"]
[SourceVersionDate "2008.09.01"]
[SourceQuality "1"]

1. e4 Nf6 2. e5 Nd5 3. d4 d6 4. Nf3 Bg4 5. Be2 c6 6. 0-0 Bxf3 7. Bxf3 dxe5 8. dxe5 e6 9. c4 Ne7 10. Qxd8+ Kxd8 11. Be4 Nd7 12. f4 Nf5 13. Nc3 Bc5+ 14. Kh1 Kc7 15. Re1 Rad8 16. g4 Ne7 17. Rb1 h5 18. b4 Bd4 19. Ne2 Nb6 20. c5 Nc4 21. g5 h4 22. Kg2 h3+ 23. Kf3 b6 24. Nxd4 Rxd4 25. Be3 Nxe3 26. Kxe3 Rhd8 27. cxb6+ Kxb6 28. Re2 Nf5+ 29. Bxf5 exf5 30. Rb3 Kb5 31. Kf3 Rd3+ 32. Re3 Rxb3 33. Rxb3 Kc4 34. Kg3 g6 35. Kxh3 Rd2 36. Ra3 Rd7 37. Rb3 Rd2 38. Ra3 Rd7 39. Re3 Re7 40. a3 Kd4 41. Re1 Kc4 42. Kg3 Kb5 43. h4 a5 44. bxa5 Kxa5 45. h5 gxh5 46. Kh4 Re8 47. g6 fxg6 48. Kg5 Re6 49. Rd1 h4 50. Rd6 h3 51. Rd3 h2 52. Rh3 Ka4 53. Kh6 c5 54. Kg7 h1Q 55. Rxh1 Kxa3 56. Kf7 Rc6 57. e6 c4 58. e7 Rc7 59. Kf8 Rc8+ 60. e8Q Rxe8+ 61. Kxe8 Kb3 62. Kf7 c3 63. Kxg6 1-0

[Event "UKR-ch sf U16"]
[Site "Kherson"]
[Date "2007.11.19"]
[Round "4"]
[White "Nazarenko, Sergei"]
[Black "Volovikov, Anton"]
[Result "1-0"]
[WhiteElo "2077"]
[BlackElo "2235"]
[PlyCount "75"]
[EventDate "2007.11.16"]
[EventType "swiss"]
[EventRounds "9"]
[EventCountry "UKR"]
[SourceTitle "EXT 2023"]
[Source "ChessBase"]
[SourceDate "2022.10.05"]
[SourceVersion "1"]
[SourceVersionDate "2022.10.05"]
[SourceQuality "1"]

1. e4 c6 2. d4 d5 3. Nc3 dxe4 4. Nxe4 Bf5 5. Ng3 Bg6 6. h4 h6 7. Nf3 Nd7 8. h5 Bh7 9. Bd3 Bxd3 10. Qxd3 Ngf6 11. Bd2 Qc7 12. 0-0-0 e6 13. Qe2 0-0-0 14. Ne5 Nb6 15. Ba5 Rd5 16. Bxb6 axb6 17. c4 Rd8 18. Ne4 c5 19. Nc3 cxd4 20. Nb5 Qe7 21. Qc2 Ne8 22. Qb1 Nc7 23. Na7+ Kb8 24. Nac6+ bxc6 25. Nxc6+ Kb7 26. Nxe7 Bxe7 27. Qe4+ Kc8 28. Rxd4 Bf6 29. Rdd1 Kb8 30. Qc6 Na8 31. Rxd8+ Rxd8 32. Rh3 Rc8 33. Qe4 Nc7 34. Ra3 Rd8 35. Qc6 Bd4 36. b4 Bxf2 37. c5 bxc5 38. Ra7 1-0